02527naa a2200265 a 450000100080000000500110000800800410001910000110006024501140007126000090018549000190019450000190021352017810023265300150201365300250202865300170205365300110207065300260208165300170210765300150212465300230213965300140216265300150217677300700219110767332011-05-23 2009 bl uuuu u00u1 u #d1 aEpagri aLongterm annual fertilization with nitrogen and potassium affect yield and mineral composition of Fuji apple. c2009 aISSN, 01039016 aISSN, 01039016 aO nitrog??nio (N) e o pot??ssio (K) s??o os nutrientes mais exportados pelas ma????s (Malus domestica Borkh) e por isso est??o diretamente relacionados com a produtividade dos pomares. O objetivo desse trabalho foi avaliar a influ??ncia das aduba????es anuais com nitrog??nio e pot??ssio sobre o rendimento, tamanho e composi????o mineral de ma????s ?Fuji? enxertada sobre o Marubakaido. O experimento foi conduzido nos anos de 1998 a 2006, no munic??pio de S??o Joaquim-SC, Brasil. Consistiu de um fatorial com doses de N e K aplicadas anualmente ao solo (0, 50, 100 e 200 kg ha?1 de N e de K2O) e repetidas em tr??s pomares comerciais. O rendimento foi estimado a partir da contagem do n??mero total de frutos por planta e multiplicado pelo peso m??dio de 100 frutos amostrados aleatoriamente por parcela. Quinze dias antes da colheita, 24 frutos foram amostrados para fins de determina????o das concentra????es de N, K, Ca e Mg. As aduba????es nitrogenada e pot??ssica aumentaram o rendimento da macieira em cinco e quatro dos oito anos avaliados, respectivamente. O tamanho dos frutos foi mais afetado pela aduba????o pot??ssica que pela nitrogenada. As adi????es de N e K influenciaram a composi????o mineral dos frutos, incrementando suas concentra????es e as rela????es N:Ca e K:Ca. A concentra????o de Ca nos frutos foi reduzida pela aduba????o nitrogenada e frequentemente pela pot??ssica. Dist??rbios fisiol??gicos relacionados com a defici??ncia de Ca n??o foram observados, mesmo ap??s 180 dias de armazenagem. Entretanto, a nutri????o do Ca foi influenciada pelas aduba????es nitrogenada e pot??ssica. Por isso, ao aplicar-se N e K deve-se combinar pr??ticas nutricionais que compensem a redu????o da concentra????o de Ca nos frutos que esses nutrientes promovem. aAduba????o aComposi????o mineral aFruticultura aMa???? aMalus domestica Borkh aNitrog??ncio aNutri????o aNutri????o vegetal aPot??ssio aProdu????o tScientia Agricola, Piracicaba, SPgv. 66, n. 3, p. 377-385, 2009.